[Event "BCF-chT3E 2224 (4NCL)"]
[Site "England"]
[Date "2024.01.13"]
[Round "3.22"]
[White "Ashworth, Michael"]
[Black "Larchikov, Maksym"]
[Result "1/2-1/2"]
[WhiteElo "2002"]
[BlackElo "2115"]
[PlyCount "63"]
[EventDate "2023.11.11"]
[EventType "team-tourn"]
[EventRounds "11"]
[EventCountry "ENG"]
[SourceTitle "CB11_2024"]
[SourceDate "2024.03.13"]
[SourceVersion "1"]
[SourceVersionDate "2024.03.13"]
[SourceQuality "1"]
[WhiteTeam "Wotton Hall"]
[BlackTeam "Hull & East Riding Tigers"]
[WhiteTeamCountry "ENG"]
[BlackTeamCountry "ENG"]

1. d4 d5 2. c4 e6 3. Nc3 Nf6 4. cxd5 exd5 5. Bg5 Be7 6. e3 c6 7. Bd3 0-0 8. Qc2 Nbd7 9. Nf3 Re8 10. 0-0 h6 11. Bh4 Ne4 12. Bxe7 Qxe7 13. b4 Qxb4 14. Bxe4 dxe4 15. Nxe4 Qe7 16. Ned2 Nf6 17. Rfc1 Ne4 18. Nxe4 Qxe4 19. Qxe4 Rxe4 20. Rab1 Re7 21. Rc5 Be6 22. a4 Bd5 23. Ne5 f6 24. Nd3 Be4 25. Rb3 b6 26. Rcc3 Rd8 27. h3 Bxd3 28. Rxd3 Rd5 29. Rdc3 Re6 30. Rb4 Kf7 31. Rbc4 Rdd6 32. Kf1 1/2-1/2

[Event "Frome op 32nd"]
[Site "Frome"]
[Date "2023.05.12"]
[Round "1"]
[White "Ashworth, Michael"]
[Black "Hertog, Alexander"]
[Result "1-0"]
[WhiteElo "1988"]
[BlackElo "1642"]
[PlyCount "111"]
[EventDate "2023.05.12"]
[EventType "swiss"]
[EventRounds "5"]
[EventCountry "ENG"]
[SourceTitle "EXT 2024"]
[Source "ChessBase"]
[SourceDate "2023.10.10"]
[SourceVersion "1"]
[SourceVersionDate "2023.10.10"]
[SourceQuality "1"]

1. d4 Nf6 2. c4 e6 3. Nc3 Bb4 4. Qc2 d5 5. cxd5 exd5 6. Bg5 c6 7. e3 Bg4 8. Bd3 Bh5 9. Nge2 Bg6 10. 0-0 Bxd3 11. Qxd3 0-0 12. Qf5 Be7 13. Bxf6 Bxf6 14. b4 Nd7 15. b5 Nb6 16. bxc6 bxc6 17. Rab1 Qd6 18. Rfc1 Rac8 19. e4 Qe6 20. Qf3 Bg5 21. Rd1 Rfd8 22. Qg3 Be7 23. Nf4 Qf6 24. Nh5 Qh6 25. Qf3 Rd7 26. Ng3 g6 27. Qg4 Qg5 28. Qxg5 Bxg5 29. a4 Bf6 30. Nge2 Bg7 31. exd5 cxd5 32. a5 Nc4 33. Rb5 Rcd8 34. a6 Nb6 35. Rc5 Bf8 36. Rc6 Rc8 37. Rxc8 Nxc8 38. Nf4 Ne7 39. Nd3 Nc6 40. Nc5 Bxc5 41. dxc5 d4 42. Ne4 Kg7 43. Nd6 Kf6 44. Kf1 Ke5 45. Ke2 Kd5 46. Nb7 Nb4 47. Na5 Nxa6 48. c6 Re7+ 49. Kf3 Nc7 50. Nb3 Nb5 51. Rc1 Rc7 52. Rc5+ Kd6 53. Rxb5 Rxc6 54. Nxd4 Rc3+ 55. Ke2 Ra3 56. Rb7 1-0

[Event "BCF-chT4 2223 (4NCL)"]
[Site "England"]
[Date "2023.04.30"]
[Round "10.83"]
[White "Ashworth, Michael"]
[Black "Page, Thomas"]
[Result "1/2-1/2"]
[WhiteElo "2107"]
[BlackElo "1830"]
[PlyCount "84"]
[EventDate "2022.11.05"]
[EventType "team-swiss"]
[EventRounds "11"]
[EventCountry "ENG"]
[SourceTitle "EXT 2024"]
[Source "ChessBase"]
[SourceDate "2023.10.10"]
[SourceVersion "1"]
[SourceVersionDate "2023.10.10"]
[SourceQuality "1"]
[WhiteTeam "Wotton Hall"]
[BlackTeam "Barnet Knights III"]
[WhiteTeamCountry "ENG"]
[BlackTeamCountry "ENG"]

1. d4 d5 2. c4 e6 3. Nc3 Nf6 4. cxd5 exd5 5. Bg5 c6 6. e3 Be7 7. Bd3 Bg4 8. f3 Bh5 9. Nge2 0-0 10. Qc2 Nbd7 11. 0-0 Re8 12. Nf4 Bg6 13. Nxg6 hxg6 14. Kh1 Nh5 15. Bxe7 Qxe7 16. Rae1 Qh4 17. Qf2 Qxf2 18. Rxf2 Nf4 19. Bf1 Nf6 20. Rd2 Re7 21. g3 Ne6 22. Bg2 Rd8 23. Kg1 Ne8 24. Red1 Nd6 25. b3 f5 26. Re2 Ng5 27. h4 Nh7 28. e4 dxe4 29. fxe4 Nxe4 30. Nxe4 fxe4 31. Rxe4 Red7 32. Bh3 Nf6 33. Bxd7 Nxe4 34. Be6+ Kf8 35. Kg2 Nc3 36. Rf1+ Ke7 37. Bc4 Nd5 38. Re1+ Kf6 39. Rf1+ Ke7 40. Re1+ Kf6 41. Re5 Nc7 42. Re4 Nd5 1/2-1/2

[Event "BCF-chT4 2223 (4NCL)"]
[Site "England"]
[Date "2023.04.29"]
[Round "9.23"]
[White "Zhu, Yaoyao"]
[Black "Ashworth, Michael"]
[Result "0-1"]
[WhiteElo "2056"]
[BlackElo "2107"]
[PlyCount "128"]
[EventDate "2022.11.05"]
[EventType "team-swiss"]
[EventRounds "11"]
[EventCountry "ENG"]
[SourceTitle "EXT 2024"]
[Source "ChessBase"]
[SourceDate "2023.10.10"]
[SourceVersion "1"]
[SourceVersionDate "2023.10.10"]
[SourceQuality "1"]
[WhiteTeam "Average Wood Pushers"]
[BlackTeam "Wotton Hall"]
[WhiteTeamCountry "ENG"]
[BlackTeamCountry "ENG"]

1. e4 c5 2. Nf3 g6 3. d4 cxd4 4. Nxd4 Nc6 5. c4 Nf6 6. Nc3 d6 7. Be2 Nxd4 8. Qxd4 Bg7 9. Be3 0-0 10. Qd2 a5 11. 0-0 a4 12. Rab1 Qa5 13. h3 Be6 14. Bd4 Nxe4 15. Qe3 Bxd4 16. Qxd4 Nf6 17. Bf3 Qb4 18. Nd5 Nxd5 19. Bxd5 Bxd5 20. Qxd5 Ra5 21. Qd3 Rc8 22. b3 axb3 23. axb3 Ra3 24. Rfe1 Rc7 25. Re3 Ra2 26. Rbe1 Rd2 27. Qe4 d5 28. cxd5 Qxe4 29. Rxe4 Kf8 30. Rc4 Rd7 31. Re5 Rd1+ 32. Kh2 R1xd5 33. Rxd5 Rxd5 34. Rc8+ Kg7 35. Rc7 Rb5 36. Rxe7 Rxb3 37. f3 Kf6 38. Rc7 b5 39. Rb7 b4 40. h4 h5 41. Rb5 Rb1 42. Kg3 b3 43. Kf4 Ke6 44. Kg5 Rg1 45. Rxb3 Rxg2+ 46. Kf4 Rd2 47. Re3+ Kf6 48. Kg3 Kf5 49. Re7 f6 50. Rf7 Rd4 51. Rf8 g5 52. hxg5 h4+ 53. Kg2 Kxg5 54. Rg8+ Kf4 55. Rf8 Rd2+ 56. Kh3 f5 57. Rh8 Kxf3 58. Rxh4 f4 59. Rh8 Rd7 60. Kh2 Kf2 61. Kh3 f3 62. Rf8 Rh7+ 63. Kg4 Kg2 64. Ra8 f2 0-1

[Event "BCF-chT4 2223 (4NCL)"]
[Site "England"]
[Date "2023.03.26"]
[Round "8.52"]
[White "Hertog, Alexander"]
[Black "Ashworth, Michael"]
[Result "1/2-1/2"]
[WhiteElo "1778"]
[BlackElo "2107"]
[PlyCount "84"]
[EventDate "2022.11.05"]
[EventType "team-swiss"]
[EventRounds "11"]
[EventCountry "ENG"]
[SourceTitle "EXT 2024"]
[Source "ChessBase"]
[SourceDate "2023.10.10"]
[SourceVersion "1"]
[SourceVersionDate "2023.10.10"]
[SourceQuality "1"]
[WhiteTeam "Oxford III"]
[BlackTeam "Wotton Hall"]
[WhiteTeamCountry "ENG"]
[BlackTeamCountry "ENG"]

1. d4 Nf6 2. c4 e6 3. Nf3 Bb4+ 4. Bd2 Qe7 5. Qc2 Bxd2+ 6. Nbxd2 d6 7. g3 0-0 8. Bg2 e5 9. dxe5 dxe5 10. e4 Nc6 11. 0-0 Rd8 12. Rfe1 Nb4 13. Qb1 Nd3 14. Re3 Nxf2 15. Kxf2 Ng4+ 16. Ke2 Nxe3 17. Kxe3 Qc5+ 18. Ke2 Bg4 19. Qc2 Rd7 20. h3 Be6 21. Rc1 f6 22. b3 Rad8 23. Nf1 a5 24. Ne3 c6 25. Rd1 Rxd1 26. Nxd1 a4 27. Ne3 b5 28. Nd2 axb3 29. axb3 b4 30. g4 g6 31. Ndf1 Qd4 32. Qd2 Qb6 33. Qc2 Qa7 34. Nd2 Qa1 35. Qd1 Qd4 36. Qc2 Ra8 37. Qd3 Qc5 38. Bf3 Kf7 39. h4 Ke7 40. Qb1 Qd4 41. Qd3 Qc5 42. Qb1 Qd4 1/2-1/2

[Event "BCF-chT4 2223 (4NCL)"]
[Site "England"]
[Date "2023.01.07"]
[Round "3.23"]
[White "Ashworth, Michael"]
[Black "Lawson, Maurice Elliot"]
[Result "0-1"]
[WhiteElo "2107"]
[BlackElo "1965"]
[PlyCount "114"]
[EventDate "2022.11.05"]
[EventType "team-swiss"]
[EventRounds "11"]
[EventCountry "ENG"]
[SourceTitle "EXT 2024"]
[Source "ChessBase"]
[SourceDate "2023.10.10"]
[SourceVersion "1"]
[SourceVersionDate "2023.10.10"]
[SourceQuality "1"]
[WhiteTeam "Wotton Hall"]
[BlackTeam "Kingston II"]
[WhiteTeamCountry "ENG"]
[BlackTeamCountry "ENG"]

1. d4 d5 2. c4 e6 3. Nc3 Nf6 4. cxd5 exd5 5. Bg5 Be7 6. e3 0-0 7. Bd3 Nbd7 8. Nf3 c6 9. Qc2 Re8 10. 0-0 Nf8 11. h3 Ng6 12. Rab1 Nd7 13. Bxe7 Qxe7 14. b4 a6 15. a4 b5 16. Rfc1 Nb6 17. axb5 axb5 18. e4 Be6 19. e5 Nc4 20. Bxc4 dxc4 21. Ne4 Bd5 22. Qe2 Ra3 23. Nfd2 Rea8 24. g3 Qd7 25. Kh2 Qxh3+ 26. Kxh3 Nf4+ 27. Kh2 Nxe2 28. Re1 Bxe4 29. Nxe4 Nxd4 30. Red1 Nf3+ 31. Kg2 Nxe5 32. Rd6 Rd3 33. f4 Rxd6 34. Nxd6 Ra2+ 35. Kf1 Rh2 36. Rd1 Rh1+ 37. Ke2 Rxd1 38. Kxd1 Nd3 39. Kd2 Nxb4 40. Kc3 Nd5+ 41. Kc2 Kf8 42. Nf5 g6 43. Nd4 Ne7 44. Kc3 Ke8 45. Kb4 Nd5+ 46. Kc5 c3 47. Nc2 b4 48. Nd4 Kd7 49. Kc4 Kd6 50. Nc2 c5 51. Ne1 Ne3+ 52. Kd3 Kd5 53. Nc2 Nc4 54. Ne1 Nb2+ 55. Kc2 Kc4 56. Nf3 b3+ 57. Kb1 Kd3 0-1

[Event "GBR-ch 108th"]
[Site "Torquay"]
[Date "2022.08.20"]
[Round "8"]
[White "Ashworth, Michael"]
[Black "Mulay, Partha"]
[Result "1-0"]
[WhiteElo "2039"]
[BlackElo "1822"]
[PlyCount "81"]
[EventDate "2022.08.13"]
[EventType "swiss"]
[EventRounds "9"]
[EventCountry "ENG"]
[SourceTitle "CBM 209 Extra"]
[Source "ChessBase"]
[SourceDate "2022.09.30"]
[SourceVersion "1"]
[SourceVersionDate "2022.09.30"]
[SourceQuality "1"]

1. d4 Nf6 2. c4 g6 3. Nc3 Bg7 4. e4 d6 5. f3 0-0 6. Be3 c5 7. Nge2 Nc6 8. d5 Ne5 9. Ng3 e6 10. Be2 exd5 11. cxd5 b5 12. Nxb5 Rb8 13. Qd2 h5 14. 0-0 h4 15. Nh1 h3 16. g3 Nxf3+ 17. Rxf3 Nxe4 18. Qc2 Re8 19. Bd3 Bf5 20. Raf1 a6 21. Nc3 Nxc3 22. bxc3 Bg4 23. Bd2 Bxf3 24. Rxf3 Qb6 25. Nf2 Qb2 26. Nd1 Qa1 27. Rf1 f5 28. Bxa6 Qb1 29. Qxb1 Rxb1 30. a4 Kh7 31. Bf4 Be5 32. Bg5 Ra1 33. Bb5 Rb8 34. Bf4 Bf6 35. Ne3 Bxc3 36. Rxa1 Bxa1 37. Bxd6 Rc8 38. Nc4 Bd4+ 39. Kf1 Bf6 40. a5 Bd8 41. Nb6 1-0

[Event "GBR-ch 108th"]
[Site "Torquay"]
[Date "2022.08.15"]
[Round "3"]
[White "Ashworth, Michael"]
[Black "Dishman, Stephen"]
[Result "1/2-1/2"]
[WhiteElo "2039"]
[BlackElo "2248"]
[PlyCount "206"]
[EventDate "2022.08.13"]
[EventType "swiss"]
[EventRounds "9"]
[EventCountry "ENG"]
[SourceTitle "CBM 209 Extra"]
[Source "ChessBase"]
[SourceDate "2022.09.30"]
[SourceVersion "1"]
[SourceVersionDate "2022.09.30"]
[SourceQuality "1"]

1. d4 d5 2. c4 c6 3. Nf3 Nf6 4. Nc3 dxc4 5. a4 Bf5 6. e3 e6 7. Bxc4 Bb4 8. 0-0 Nbd7 9. Qe2 0-0 10. e4 Bg6 11. Bd3 Bh5 12. e5 Nd5 13. Nxd5 cxd5 14. Qe3 Re8 15. Ng5 Bg6 16. Bxg6 fxg6 17. Qh3 Nf8 18. Qd3 Rc8 19. Be3 a6 20. Rfc1 Qd7 21. b3 Rxc1+ 22. Rxc1 Rc8 23. Qd1 Rc6 24. Rxc6 Qxc6 25. Qc1 h6 26. Nh3 Qxc1+ 27. Bxc1 g5 28. f3 Ng6 29. Kf2 Ne7 30. Bb2 Nc6 31. Ke2 Na5 32. f4 gxf4 33. Nxf4 Kf7 34. Nd3 Be7 35. Nc1 Bg5 36. Bc3 Bxc1 37. Bxa5 Kg6 38. Be1 Kf5 39. Kf3 h5 40. h3 Bb2 41. Bf2 Bc3 42. Be3 Be1 43. Bc1 Bh4 44. Be3 Bg5 45. Bf2 Kg6 46. Be1 Kf7 47. Bb4 Bc1 48. Bc3 Ke8 49. Ke2 Kd7 50. Kd3 Kc6 51. Kc2 Be3 52. Kd3 Bg5 53. Kc2 Be7 54. Kd3 Bh4 55. Kc2 Bg3 56. Bd2 Kd7 57. Kd3 Bf2 58. Bc3 Kc6 59. Ke2 Bh4 60. Kd3 Bg5 61. Kc2 Be7 62. Kd3 b5 63. Kc2 Bd8 64. Kd3 Be7 65. Kc2 Kd7 66. Kd3 Ke8 67. Ke2 Kf7 68. Kf3 Kg6 69. Bd2 Kf5 70. Be3 bxa4 71. bxa4 Bd8 72. Bd2 Bc7 73. Bc3 Bb8 74. Bb2 Bc7 75. Bc3 Bb6 76. Bb2 Ba5 77. Bc1 Bc3 78. Be3 Kg6 79. Ke2 Kf7 80. Kf3 Ke8 81. Ke2 Kd7 82. Kd3 Bb4 83. Bf2 Kc6 84. Kc2 Kb6 85. Be3 Ka5 86. Kb3 Be1 87. Bg5 Kb6 88. Be3 Bh4 89. Kc2 Bg3 90. Kb3 Kc6 91. Kc2 Bh4 92. Kd3 Kd7 93. Ke2 Ke8 94. Kf3 Kf7 95. Ke2 Kg6 96. Kf3 Kf5 97. Bd2 Be7 98. Be3 Bb4 99. Bc1 Bc3 100. Be3 Bb2 101. Bf2 Bc1 102. Be1 Bb2 103. Bf2 Bc3 1/2-1/2

[Event "BCF-chT 2122 (4NCL)"]
[Site "England"]
[Date "2022.06.26"]
[Round "11.57"]
[White "Ashworth, Michael"]
[Black "Pein, Malcolm"]
[Result "1/2-1/2"]
[WhiteElo "2030"]
[BlackElo "2308"]
[PlyCount "46"]
[EventDate "2021.11.27"]
[EventType "team-swiss"]
[EventRounds "11"]
[EventCountry "ENG"]
[SourceTitle "EXT 2023"]
[Source "ChessBase"]
[SourceDate "2022.10.05"]
[SourceVersion "1"]
[SourceVersionDate "2022.10.05"]
[SourceQuality "1"]
[WhiteTeam "Wood Green Youth"]
[BlackTeam "Celtic Tigers"]
[WhiteTeamCountry "ENG"]
[BlackTeamCountry "ENG"]

1. d4 Nf6 2. c4 g6 3. Nc3 Bg7 4. e4 0-0 5. Be3 d6 6. f3 Nc6 7. Qd2 a6 8. Nge2 Bd7 9. Nc1 e5 10. d5 Nd4 11. N1e2 Nxe2 12. Bxe2 Nh5 13. 0-0-0 b5 14. c5 dxc5 15. Bxc5 Re8 16. Kb1 Bf8 17. Bxf8 Rxf8 18. Rc1 Qe7 19. Nd1 Rac8 20. Nf2 Nf4 21. g3 Nxe2 22. Qxe2 c6 23. dxc6 Rxc6 1/2-1/2

[Event "BCF-chT 2122 (4NCL)"]
[Site "England"]
[Date "2022.06.25"]
[Round "10.47"]
[White "Holland, James P"]
[Black "Ashworth, Michael"]
[Result "1-0"]
[WhiteElo "2224"]
[BlackElo "2030"]
[PlyCount "81"]
[EventDate "2021.11.27"]
[EventType "team-swiss"]
[EventRounds "11"]
[EventCountry "ENG"]
[SourceTitle "EXT 2023"]
[Source "ChessBase"]
[SourceDate "2022.10.05"]
[SourceVersion "1"]
[SourceVersionDate "2022.10.05"]
[SourceQuality "1"]
[WhiteTeam "The Sharks"]
[BlackTeam "Wood Green Youth"]
[WhiteTeamCountry "ENG"]
[BlackTeamCountry "ENG"]

1. e4 c5 2. Nc3 g6 3. d4 cxd4 4. Qxd4 Nf6 5. Be3 Nc6 6. Qd2 Ng4 7. Bf4 d6 8. h3 Nf6 9. Nf3 Qa5 10. Bd3 Bg7 11. 0-0 0-0 12. Rfe1 Nd7 13. Bh6 Nde5 14. Nxe5 Nxe5 15. Bxg7 Kxg7 16. f4 Nc6 17. Kh2 Be6 18. Rad1 Rac8 19. a3 a6 20. Bf1 Rfd8 21. g4 Qc5 22. Nd5 b5 23. g5 Rh8 24. Re3 h6 25. Rg3 hxg5 26. Rxg5 Qa7 27. Rg3 Rh5 28. Bg2 Bd7 29. b4 Rch8 30. c3 Kf8 31. Rf1 Be6 32. Ne3 Qc7 33. Qd3 Ke8 34. a4 Qc8 35. axb5 axb5 36. f5 Ne5 37. Qxb5+ Bd7 38. Qb6 Qxc3 39. Nd5 Ng4+ 40. Kg1 Qxg3 41. Qb8+ 1-0

[Event "English Online Blitz Gp2"]
[Site "Chess.com INT"]
[Date "2020.05.09"]
[Round "3"]
[White "Allis, Richard"]
[Black "Ashworth, Michael"]
[Result "1-0"]
[WhiteElo "2052"]
[BlackElo "2012"]
[PlyCount "183"]
[EventDate "2020.05.09"]
[EventType "swiss (blitz)"]
[EventRounds "11"]
[EventCountry "ENG"]
[SourceTitle "CBM 196 Extra"]
[Source "ChessBase"]
[SourceDate "2020.07.31"]
[SourceVersion "1"]
[SourceVersionDate "2020.07.31"]
[SourceQuality "1"]

1. d4 Nf6 2. Nf3 e6 3. Bg5 h6 4. Bxf6 Qxf6 5. Nbd2 d5 6. e4 Nc6 7. c3 Bd7 8. Bd3 dxe4 9. Nxe4 Qd8 10. 0-0 Be7 11. Re1 0-0 12. Rc1 Bf6 13. Bb1 Re8 14. Qd3 g6 15. Nxf6+ Qxf6 16. Ne5 Rad8 17. Qh3 Qg7 18. Ng4 h5 19. Ne5 Nxe5 20. dxe5 Bc6 21. Qe3 b6 22. f4 Bb7 23. Rcd1 c5 24. b3 Qf8 25. c4 Rxd1 26. Rxd1 Rd8 27. Rd3 Bc6 28. Qd2 Rxd3 29. Qxd3 Qe7 30. Kf2 Qd7 31. Qxd7 Bxd7 32. Be4 Kf8 33. Ke3 Ke7 34. g3 Be8 35. Kd3 Kd7 36. Kc3 Kc7 37. a3 Bc6 38. Bd3 Bf3 39. b4 Kc6 40. Bc2 Bg2 41. Ba4+ Kc7 42. Be8 Be4 43. bxc5 bxc5 44. Kb3 Bf5 45. Ka4 Kb6 46. Bxf7 a6 47. Kb3 Ka5 48. Be8 Kb6 49. Kc3 Kc7 50. Kd2 Kd8 51. Ba4 Ke7 52. Bc6 Kd8 53. Bb7 a5 54. Bf3 Ke7 55. Kc3 Kd8 56. Bg2 Kc7 57. Bf3 Kd8 58. Bd1 Kc7 59. Kd2 Kb6 60. Be2 Kc7 61. Ke3 Kd8 62. Kf2 Ke7 63. Kg2 Be4+ 64. Kg1 Bf5 65. Bf1 Kf7 66. h3 Kg7 67. Kh2 Kh6 68. Be2 Be4 69. g4 hxg4 70. hxg4 Bc2 71. Kg3 g5 72. f5 exf5 73. gxf5 Bxf5 74. Bg4 Bd3 75. Be6 Kg6 76. Bd5 Kf5 77. e6 Kf6 78. Kg4 Bf5+ 79. Kf3 Bxe6 80. Bc6 Bxc4 81. Ke4 Bf1 82. Bd7 Bg2+ 83. Kd3 Ke5 84. Kc4 Kd6 85. Bg4 Bd5+ 86. Kb5 c4 87. Kxa5 Kc5 88. Bf5 c3 89. Ka6 g4 90. Bxg4 c2 91. a4 c1Q 92. Bd7 1-0

[Event "English Online Blitz Gp2"]
[Site "Chess.com INT"]
[Date "2020.05.09"]
[Round "6"]
[White "Chaplin, Peter Edward"]
[Black "Ashworth, Michael"]
[Result "1-0"]
[WhiteElo "2046"]
[BlackElo "2012"]
[PlyCount "89"]
[EventDate "2020.05.09"]
[EventType "swiss (blitz)"]
[EventRounds "11"]
[EventCountry "ENG"]
[SourceTitle "CBM 196 Extra"]
[Source "ChessBase"]
[SourceDate "2020.07.31"]
[SourceVersion "1"]
[SourceVersionDate "2020.07.31"]
[SourceQuality "1"]

1. b3 d5 2. Nf3 c5 3. e4 dxe4 4. Ne5 Nf6 5. Bb2 e6 6. Bb5+ Bd7 7. Nxd7 Nbxd7 8. Nc3 a6 9. Bxd7+ Qxd7 10. Qe2 Qc6 11. 0-0-0 Be7 12. Rhe1 0-0 13. Nxe4 Nxe4 14. Qxe4 Qxe4 15. Rxe4 Rfd8 16. d3 Rd5 17. f4 Rad8 18. a4 b6 19. Rde1 h5 20. g3 Rf5 21. Be5 Rd7 22. h3 f6 23. g4 fxe5 24. gxf5 exf5 25. Rxe5 Bd6 26. Rxf5 g6 27. Rg1 Kh7 28. Rf6 Bc7 29. Rgxg6 Bxf4+ 30. Kb1 Be5 31. Rxb6 Rf7 32. Rg1 Rf3 33. Rh1 a5 34. Rb5 Bc3 35. Rxc5 Bb4 36. Rxh5+ Kg6 37. Rb5 Rf2 38. h4 Bc3 39. h5+ Kh6 40. Rb6+ Kg7 41. h6+ Kh7 42. Rb7+ Kg8 43. h7+ Kh8 44. Rb8+ Kg7 45. h8Q+ 1-0

[Event "GBR-ch Major 106th"]
[Site "Torquay"]
[Date "2019.07.30"]
[Round "4"]
[White "Eames, Robert"]
[Black "Ashworth, Michael"]
[Result "0-1"]
[WhiteElo "2136"]
[BlackElo "1957"]
[PlyCount "62"]
[EventDate "2019.07.27"]
[EventType "swiss"]
[EventRounds "9"]
[EventCountry "ENG"]
[SourceTitle "EXT 2020"]
[Source "ChessBase"]
[SourceDate "2019.10.17"]
[SourceVersion "1"]
[SourceVersionDate "2019.10.17"]
[SourceQuality "1"]

1. d4 Nf6 2. c4 e6 3. Nc3 Bb4 4. f3 d5 5. a3 Be7 6. e4 dxe4 7. fxe4 e5 8. d5 Bc5 9. Nf3 Bg4 10. h3 Bxf3 11. Qxf3 Nbd7 12. Bd3 0-0 13. Bd2 a5 14. Ke2 Ne8 15. Raf1 Nd6 16. g4 Nb6 17. b3 Bxa3 18. Nb1 Bc5 19. Bc3 Qe7 20. Nd2 Nd7 21. h4 Bd4 22. Bxd4 exd4 23. Qf2 f5 24. gxf5 Nxf5 25. Qh2 Ne5 26. Qh3 Ne3 27. Rxf8+ Rxf8 28. Rg1 Rf2+ 29. Kxf2 Nxd3+ 30. Kg3 Qe5+ 31. Kf3 Qf6+ 0-1

[Event "GBR-ch Major 106th"]
[Site "Torquay"]
[Date "2019.07.28"]
[Round "2"]
[White "Wilson, Matthew R"]
[Black "Ashworth, Michael"]
[Result "0-1"]
[WhiteElo "1817"]
[BlackElo "1957"]
[PlyCount "75"]
[EventDate "2019.07.27"]
[EventType "swiss"]
[EventRounds "9"]
[EventCountry "ENG"]
[SourceTitle "EXT 2020"]
[Source "ChessBase"]
[SourceDate "2019.10.17"]
[SourceVersion "1"]
[SourceVersionDate "2019.10.17"]
[SourceQuality "1"]

1. e4 g6 2. Nc3 Bg7 3. f4 c5 4. Nf3 Nc6 5. Bb5 Nd4 6. 0-0 Nxb5 7. Nxb5 d5 8. e5 Bg4 9. h3 Bxf3 10. Qxf3 a6 11. Nc3 e6 12. a4 Ne7 13. Qf2 Rc8 14. d3 0-0 15. Bd2 f6 16. exf6 Bxf6 17. Rae1 Nf5 18. Ne2 Qd7 19. c3 Qxa4 20. Rc1 Qb5 21. g4 Nd6 22. Qe3 Rce8 23. Rb1 c4 24. d4 Ne4 25. Ng3 Nxg3 26. Qxg3 Qb3 27. f5 Bxd4+ 28. Kh2 Qc2 29. Qg2 Be5+ 30. Kh1 Qe4 31. Rbe1 Qxg2+ 32. Kxg2 exf5 33. gxf5 Bd6 34. fxg6 hxg6 35. Rxe8 Rxe8 36. Rf6 Bc5 37. Bg5 Be7 38. Rxg6+ 0-1

[Event "GBR-ch 105th Weekend op"]
[Site "Hull"]
[Date "2018.07.29"]
[Round "4"]
[White "Ashworth, Michael"]
[Black "Crocker, Philip J"]
[Result "1/2-1/2"]
[WhiteElo "1935"]
[BlackElo "2099"]
[PlyCount "94"]
[EventDate "2018.07.27"]
[EventType "swiss"]
[EventRounds "5"]
[EventCountry "ENG"]
[SourceTitle "EXT 2019"]
[Source "ChessBase"]
[SourceDate "2018.10.10"]
[SourceVersion "1"]
[SourceVersionDate "2018.10.10"]
[SourceQuality "1"]

1. Nf3 Nf6 2. g3 c5 3. Bg2 Nc6 4. 0-0 d5 5. d3 e5 6. Na3 Be7 7. e4 d4 8. Nc4 Qc7 9. a4 Bg4 10. h3 Bh5 11. Bd2 Nd7 12. Qe1 0-0 13. Nh2 f6 14. f4 b6 15. g4 Bf7 16. f5 a6 17. Qg3 b5 18. axb5 axb5 19. Na3 Qb6 20. g5 fxg5 21. Bxg5 Bxg5 22. Qxg5 Nf6 23. Ng4 Qd8 24. Nxb5 Rb8 25. Na7 Nxg4 26. Qxg4 Nb4 27. f6 g6 28. Qg5 Kh8 29. Qxe5 Qb6 30. Qg5 Be6 31. Qh6 Rf7 32. e5 Rxa7 33. Rae1 Nxc2 34. Re4 Ne3 35. Rxe3 dxe3 36. Qxe3 Qxb2 37. Qxc5 Qb6 38. Qxb6 Rxb6 39. d4 Rd7 40. d5 Bxd5 41. Bxd5 Rxd5 42. f7 Rb8 43. e6 Rg5+ 44. Kh1 Re5 45. f8Q+ Rxf8 46. Rxf8+ Kg7 47. Rf7+ Kg8 1/2-1/2

[Event "BCF-chT2 1718 (4NCL) Promotion pool"]
[Site "England"]
[Date "2018.05.06"]
[Round "10.27"]
[White "Ashworth, Michael"]
[Black "Henderson, David"]
[Result "1/2-1/2"]
[WhiteElo "2140"]
[BlackElo "2125"]
[PlyCount "91"]
[EventDate "2017.11.11"]
[EventType "team-tourn"]
[EventRounds "11"]
[EventCountry "ENG"]
[SourceTitle "EXT 2020"]
[Source "ChessBase"]
[SourceDate "2019.10.17"]
[SourceVersion "1"]
[SourceVersionDate "2019.10.17"]
[SourceQuality "1"]
[WhiteTeam "Wood Green Monarchs"]
[BlackTeam "North East England"]
[WhiteTeamCountry "ENG"]
[BlackTeamCountry "ENG"]

1. Nf3 d5 2. g3 Bf5 3. Bg2 c6 4. 0-0 Nf6 5. b3 h6 6. Bb2 e6 7. d3 Be7 8. Nbd2 0-0 9. Ne5 Nbd7 10. e4 Bh7 11. Qe2 Re8 12. Rae1 Nxe5 13. Bxe5 Nd7 14. Bb2 Qc7 15. e5 Kh8 16. f4 Bf8 17. Bh3 c5 18. Nf3 d4 19. c4 dxc3 20. Bxc3 Nb6 21. Rc1 Qd7 22. Rfd1 Nd5 23. Ba1 Qb5 24. Bf1 Rac8 25. d4 Qxe2 26. Bxe2 cxd4 27. Bxd4 a6 28. Rxc8 Rxc8 29. Bd3 Bxd3 30. Rxd3 Rc1+ 31. Kg2 Bb4 32. a4 Rc2+ 33. Kh3 Kg8 34. Nh4 Bc3 35. Bxc3 Rxc3 36. Rxc3 Nxc3 37. Nf3 Kf8 38. Kg2 Ke7 39. Kf2 Kd7 40. Ke3 Kc6 41. Kd3 Nd1 42. Kd4 Nf2 43. Nd2 Ng4 44. Nf3 Nf2 45. Nd2 Ng4 46. Nf3 1/2-1/2

[Event "BCF-chT2 1718 (4NCL) Promotion pool"]
[Site "England"]
[Date "2018.05.05"]
[Round "9.27"]
[White "Tozer, Philip AA"]
[Black "Ashworth, Michael"]
[Result "1-0"]
[WhiteElo "2171"]
[BlackElo "2140"]
[PlyCount "61"]
[EventDate "2017.11.11"]
[EventType "team-tourn"]
[EventRounds "11"]
[EventCountry "ENG"]
[SourceTitle "EXT 2020"]
[Source "ChessBase"]
[SourceDate "2019.10.17"]
[SourceVersion "1"]
[SourceVersionDate "2019.10.17"]
[SourceQuality "1"]
[WhiteTeam "Anglian Avengers"]
[BlackTeam "Wood Green Monarchs"]
[WhiteTeamCountry "ENG"]
[BlackTeamCountry "ENG"]

1. c4 e5 2. g3 Nc6 3. Nc3 g6 4. Bg2 Bg7 5. e4 d6 6. Nge2 Nge7 7. 0-0 0-0 8. d3 Be6 9. Be3 Nd4 10. Nd5 c6 11. Nxe7+ Qxe7 12. Bxd4 exd4 13. Qd2 Rae8 14. Rae1 Qd7 15. f4 f5 16. exf5 Rxf5 17. Kh1 b6 18. Ng1 d5 19. cxd5 Bxd5 20. Rxe8+ Qxe8 21. Bxd5+ Rxd5 22. Re1 Qf7 23. Nf3 Bf6 24. Re4 c5 25. b3 g5 26. Qe2 Rf5 27. Re8+ Kg7 28. fxg5 Bd8 29. Rxd8 Rxf3 30. Qe5+ Kg6 31. Rd6+ 1-0

[Event "ENG Terafinal"]
[Site "Daventry"]
[Date "2017.08.12"]
[Round "3"]
[White "Ashworth, Michael"]
[Black "Kalavannan, Koby"]
[Result "0-1"]
[WhiteElo "192"]
[BlackElo "213"]
[PlyCount "62"]
[EventDate "2017.08.12"]
[EventType "swiss"]
[EventRounds "6"]
[EventCountry "ENG"]
[SourceTitle "CBM 179 Extra"]
[Source "ChessBase"]
[SourceDate "2017.08.23"]
[SourceVersion "1"]
[SourceVersionDate "2017.08.23"]
[SourceQuality "1"]

1. d4 Nf6 2. c4 g6 3. Nc3 Bg7 4. e4 d6 5. f3 0-0 6. Nge2 a6 7. Be3 Nc6 8. Qd2 Na5 9. Nc1 Nd7 10. b4 Nc6 11. Rb1 e5 12. d5 Nd4 13. Nb3 Nxb3 14. axb3 f5 15. Be2 Nf6 16. 0-0 f4 17. Bf2 g5 18. Rfc1 g4 19. b5 g3 20. hxg3 Nh5 21. g4 Ng3 22. Bxg3 fxg3 23. Qe3 Qh4 24. g5 Bh3 25. Bf1 Bg4 26. Be2 Rf4 27. Bd1 Raf8 28. Rc2 Qxg5 29. Qe1 Qh4 30. Ne2 Qh2+ 31. Kf1 Rxf3+ 0-1